On the biological significance of lipoids the action of kephalin and lecithin

Elmentve itt :
Bibliográfiai részletek
Szerző: Leeuwen W. Storm van
Dokumentumtípus: Cikk
Megjelent: 1923-03
Sorozat:Journal of Pharmacology and Experimental Therapeutics 21 No. 2
Kulcsszavak:Lipidek
Online Access:http://misc.bibl.u-szeged.hu/73665
LEADER 00701nab a2200181 i 4500
001 misc73665
005 20241018134129.0
008 240130s1923 hu o 000 eng d
040 |a SZTE Miscellanea Repozitórium  |b hun 
041 |a eng 
100 1 |a Leeuwen W. Storm van 
245 1 3 |a On the biological significance of lipoids the action of kephalin and lecithin  |h [elektronikus dokumentum] /  |c  Leeuwen W. Storm van 
260 |c 1923-03 
300 |a 85-98 
490 0 |a Journal of Pharmacology and Experimental Therapeutics  |v 21 No. 2 
561 |a Szent-Györgyi Albert tudományos és egyéb írásai 
695 |a Lipidek 
856 4 0 |u http://misc.bibl.u-szeged.hu/73665/1/szgya_magyar_018.pdf  |z Dokumentum-elérés